| 000 | 00693cam a22002294a 4500 | ||
|---|---|---|---|
| 999 |
_c141570 _d141570 |
||
| 003 | UPN | ||
| 005 | 20240910063821.0 | ||
| 008 | 090217s2005 ag a r 000 j spa d | ||
| 020 | _a9507541365 | ||
| 035 | _aUPN01000169464 | ||
| 040 |
_aUPN _bspa _cUPN |
||
| 049 | _aCG | ||
| 050 | 4 |
_aPN3321 _bC8.5 |
|
| 245 | 0 | 0 |
_aCuentos de fantasmas : _bhistorias asombrosas del más allá / _cselec. y tr. Néstor Barrón ; il. Fernando Molinari. |
| 260 |
_aBuenos Aires : _bContinente, _c2005. |
||
| 300 |
_a123 p. : _bil. |
||
| 650 | 4 |
_aCuentos de terror _92404 |
|
| 650 | 4 |
_aCuentos de fantasmas _911720 |
|
| 700 | 1 |
_aBarrón, Néstor, _d1968- _ecomp. _943577 |
|
| 905 | _aLibro | ||
| 942 |
_2lcc _cLIBRO |
||